| 000 | 00615nam a2200169Ia 4500 | ||
|---|---|---|---|
| 008 | 151213s9999 xx 000 0 und d | ||
| 020 | _a984-072784-2 | ||
| 100 | _aগোলাম সাকলায়েন। | ||
| 245 |
_aইজাব উদ্দিন আহমেদ। _cগোলাম সাকলায়েন। |
||
| 250 | _a১ম সং | ||
| 260 |
_aঢাকা _bবাংলা একাডেমী। _c1993 |
||
| 300 | _a4444 p. | ||
| 650 | _aBangla | ||
| 650 | _aজীবনী গ্রন্থমালা | ||
| 700 | _aগোলাম সাকলায়েন। | ||
| 999 |
_c2819 _d2819 |
||